Online Catalogue and eLibrary

Lankawe deshapalana wenasweem 2007-2008 (Record no. 5208)

MARC details
000 -LEADER
fixed length control field 00434nam a2200157Ia 4500
005 - DATE AND TIME OF LATEST TRANSACTION
control field 20250620020322.0
008 - FIXED-LENGTH DATA ELEMENTS--GENERAL INFORMATION
fixed length control field 240331s9999 xx 000 0 und d
020 ## - INTERNATIONAL STANDARD BOOK NUMBER
ISBN 9789551772253
082 ## - DDC Classification
Item Number - Author Mark UYA
Class No. 323
100 ## - MAIN ENTRY--PERSONAL NAME
Personal name Uyangoda,J
245 #0 - TITLE STATEMENT
Title Lankawe deshapalana wenasweem 2007-2008
260 ## - PUBLICATION, DISTRIBUTION, ETC.
Place of publication, distribution, etc. Colombo
Name of publisher, distributor, etc. Science Society Association
Date of publication, distribution, etc. 2008
300 ## - PHYSICAL DESCRIPTION
Extent (e.g. Volumes, Pages etc.) 61 p .,
500 ## - GENERAL NOTE
General note Sri Lanka's Political Change's 2007 - 2008
942 ## - Koha item type (Biblio)
Koha item type Books in Stacks (Lending)
Holdings
Lost status Damaged status Collection code Home library Current library Shelving location Date acquired Full call number Accession Number Item type
    Lending WERC Library WERC Library Social Science Cupboard 03/31/2024 323.23 UYA 6362 Books in Stacks (Lending)

© WERC Library